000 00497nam a2200157 a 4500
001 000021694
005 20200930011419.0
008 100910s1962 dr a 000 0 spa d
040 _aDO-SdBNP
_bspa
_cBNPHU
082 _axxx
_bM385c
100 1 _aMartínez, Julio César
_91263
245 1 0 _aEl caso de "La Nación" ante la opinión pública /
_cJulio César Martínez, Rafael E. Ruiz Mejía.
260 _aSanto Domingo :
_bDel Caribe,
_c1962.
300 _a80 p. :
_bil. ;
_c25 cm.
049 _aBNPD
999 _c21193
_d21193